Countries of the World Shape Chain Game #3 - Statistics

General Stats
  • This quiz has been taken 2,053 times
  • The average score is 8 of 12
Answer Stats
Hint Answer % Correct
HTML tutorial China
100%
HTML tutorial Philippines
97%
HTML tutorial Sweden
90%
HTML tutorial Ukraine
80%
HTML tutorial Afghanistan
67%
HTML tutorial Serbia
55%
HTML tutorial New Zealand
54%
HTML tutorial Panama
54%
HTML tutorial Spain
47%
HTML tutorial Uzbekistan
47%
HTML tutorial Bolivia
37%
Angola
36%
No matching quizzes found
Score Distribution
Percent of People with Each Score
Percentile by Number Answered
Your Score History
You have not taken this quiz